01526nam a2200337 i 4500001001000000003000900010005001700019007000300036008004100039020001500080040003000095041000800125082002500133100003200158240007300190245015200263264016000415300005200575336002700627337003300654338002800687490001800715500002100733500004900754504004000803534008100843650008600924650007701010700004501087710005601132000007990DO-SdBNP20260129130937.0ta090914s1996 dr ad 001 0 spa d a8489548137 aDO-SdBNPbspacBNPHUerda aspa 4a338.17371bB338c2221 aBaud, Michiel,eautor4aut.13aPeasants and tabacco in the Dominican Republic, 1870-1930lEspañol14aLos cosecheros de tabaco :bla transformación social de la sociedad cibaeña 1870 - 1930 /cMichiel Baud ; traducción, Pilar de Soto Rainieri. 4aSantiago de los Caballeros, República Dominicana :bCentro de Estudios Urbanos y Regionales;bPontifía Universidad Católica Madre y Maestra,c©1996. a303 páginas :bilustraciones, mapas ;c21 cm. atextobtxt2rdacontent asin mediaciónbn2rdamedia avolumenbnc2rdacarrier1 aEstudiosv179 aIncluye índice aIncluye referencias bibliográficas y notas aBibliografía : páginas 285 -298 pTitulo original :tPeasants and tabacco in the Dominican Republic, 1870-1930 4aIndustria de tabacozRepública Dominicana, Valle Del CibaoxHistoriay1870-1930 4aCampesinoszRepública Dominicana, Valle Del CibaoxHistoriay1870-19301 aSoto Rainieri, Pilar de,etraductor4tr.2 aPontificia Universidad Católica Madre y Maestra